London Underground - Northern Line Map - Statistics

General Stats
  • This quiz has been taken 404 times
  • The average score is 37 of 52
Answers on the Map
Answers color-coded by a green-red scale on the quiz's map according to % correct below.
 
Answer Stats
Answer % Correct
Euston
92%
Bank
90%
King's Cross St. Pancras
89%
Morden
89%
Edgware
84%
Waterloo
84%
Angel
83%
Battersea Power Station
83%
Camden Town
83%
Charing Cross
83%
Kennington
83%
London Bridge
83%
Clapham Common
80%
Clapham North
80%
Clapham South
80%
High Barnet
80%
Oval
79%
Old Street
78%
Elephant & Castle
77%
Goodge Street
77%
Tottenham Court Road
77%
Leicester Square
76%
Nine Elms
76%
Warren Street
76%
Moorgate
75%
Borough
73%
Embankment
73%
Tooting Bec
73%
Chalk Farm
70%
Mill Hill East
69%
Balham
68%
East Finchley
67%
Mornington Crescent
67%
Stockwell
67%
Tooting Broadway
67%
Finchley Central
64%
Kentish Town
64%
South Wimbledon
64%
Hampstead
63%
Belsize Park
62%
West Finchley
62%
Archway
61%
Golders Green
61%
Highgate
61%
Brent Cross
58%
Colliers Wood
56%
Tufnell Park
54%
Colindale
53%
Totteridge & Whetstone
53%
Burnt Oak
52%
Hendon Central
51%
Woodside Park
42%
No matching quizzes found
Score Distribution
Percent of People with Each Score
Percentile by Number Answered
Your Score History
You have not taken this quiz